[Event "24. Copenhagen Open  (Politiken Cup)"]
[Site "Copenhagen"]
[Date "2002.07.24"]
[Round "9"]
[White "Moller, Arne"]
[Black "Binau, Daniel"]
[Result "1/2-1/2"]
[WhiteElo "1808"]
[BlackElo "1439"]
[PlyCount "36"]
[EventDate "2002.07.15"]
[EventType "swiss"]
[EventRounds "11"]
[EventCountry "DEN"]
[SourceDate "2004.01.01"]

1. e4 c5 2. Nf3 d6 3. d4 cxd4 4. Nxd4 Nf6 5. Nc3 g6 6. Be2 Bg7 7. Be3 Nc6 8.
O-O O-O 9. Kh1 a6 10. a4 Qc7 11. Nxc6 bxc6 12. a5 Qb7 13. Ra3 Be6 14. b3 Qb4
15. Ra4 Qxc3 16. Bd4 Bxb3 17. Bxc3 Bxa4 18. Bd3 Rfb8 1/2-1/2

[Event "24. Copenhagen Open  (Politiken Cup)"]
[Site "Copenhagen"]
[Date "2002.07.24"]
[Round "9"]
[White "Moller, Frederik Oest"]
[Black "Raunkjar, Jonas"]
[Result "1/2-1/2"]
[WhiteElo "1479"]
[BlackElo "1702"]
[PlyCount "83"]
[EventDate "2002.07.15"]
[EventType "swiss"]
[EventRounds "11"]
[EventCountry "DEN"]
[SourceDate "2004.01.01"]

1. e4 e5 2. Nf3 Nc6 3. Nc3 Bc5 4. Bb5 Nge7 5. O-O d6 6. h3 O-O 7. d3 h6 8. Ne2
Bd7 9. Bxc6 Bxc6 10. Bd2 f5 11. Ng3 fxe4 12. dxe4 Ng6 13. Qe2 Nh4 14. Nxh4 Qxh4
15. Be3 Bxe3 16. Qxe3 Qf4 17. Rae1 Rf7 18. b3 a5 19. Qxf4 Rxf4 20. f3 Rf7 21.
Ne2 a4 22. Ra1 b5 23. Rfd1 Rff8 24. Nc3 b4 25. Nd5 Bxd5 26. Rxd5 axb3 27. cxb3
Ra6 28. Kf2 Rfa8 29. Rd2 Rc6 30. Ke2 Kf7 31. Rb1 Ke6 32. Rbd1 Rca6 33. Ra1 Rc6
34. Rad1 Rca6 35. Ra1 Ra3 36. Rb2 R8a5 37. Ke3 g5 38. g4 Rc5 39. Rd1 Rc3+ 40.
Ke2 Ra6 41. Rbd2 Ra8 42. Kf2 1/2-1/2

[Event "24. Copenhagen Open  (Politiken Cup)"]
[Site "Copenhagen"]
[Date "2002.07.24"]
[Round "9"]
[White "Molvig, Henrik"]
[Black "Tolstrup, Thomas"]
[Result "1/2-1/2"]
[WhiteElo "2237"]
[BlackElo "2074"]
[PlyCount "42"]
[EventDate "2002.07.15"]
[EventType "swiss"]
[EventRounds "11"]
[EventCountry "DEN"]
[SourceDate "2004.01.01"]

1. d4 Nf6 2. c4 e6 3. Nf3 d5 4. Nc3 Be7 5. Bg5 O-O 6. e3 h6 7. Bh4 b6 8. Be2
Bb7 9. Bxf6 Bxf6 10. cxd5 exd5 11. b4 c6 12. Rb1 a5 13. bxa5 Rxa5 14. O-O Ba6
15. Bxa6 Rxa6 16. Qb3 Nd7 17. Rfc1 Qa8 18. a4 Rd8 19. e4 dxe4 20. Nxe4 Be7 21.
Nc3 Bf6 1/2-1/2

[Event "24. Copenhagen Open  (Politiken Cup)"]
[Site "Copenhagen"]
[Date "2002.07.24"]
[Round "9"]
[White "Mortensen, Erling"]
[Black "Schandorff, Lars"]
[Result "1/2-1/2"]
[WhiteElo "2450"]
[BlackElo "2547"]
[PlyCount "36"]
[EventDate "2002.07.15"]
[EventType "swiss"]
[EventRounds "11"]
[EventCountry "DEN"]
[SourceDate "2004.01.01"]

1. e4 c6 2. d4 d5 3. e5 Bf5 4. c4 e6 5. Nc3 Ne7 6. h4 h5 7. Bg5 dxc4 8. Bxc4
Nd7 9. Nge2 f6 10. Be3 Nb6 11. Bb3 Nbd5 12. Qd2 Qd7 13. Ng3 O-O-O 14. O-O-O Bg6
15. a3 Nf5 16. Nxf5 Bxf5 17. Nxd5 cxd5 18. Bc2 Qc6 1/2-1/2

[Event "24. Copenhagen Open  (Politiken Cup)"]
[Site "Copenhagen"]
[Date "2002.07.24"]
[Round "9"]
[White "Mortensen, Henrik"]
[Black "Leimand, Hans Erik"]
[Result "1-0"]
[WhiteElo "2053"]
[BlackElo "1587"]
[PlyCount "97"]
[EventDate "2002.07.15"]
[EventType "swiss"]
[EventRounds "11"]
[EventCountry "DEN"]
[SourceDate "2004.01.01"]

1. e4 c5 2. Nf3 d6 3. d4 cxd4 4. Nxd4 e6 5. c4 Nf6 6. Nc3 Be7 7. Be3 Nc6 8. Be2
O-O 9. O-O a6 10. Qd2 Nxd4 11. Bxd4 e5 12. Be3 Ng4 13. Bxg4 Bxg4 14. a4 Rc8 15.
b3 Be6 16. a5 f5 17. exf5 Rxf5 18. Rfd1 Rf7 19. Nd5 Bxd5 20. Qxd5 Qd7 21. Ra2
Qc6 22. Qe6 Bf8 23. Rad2 Re8 24. Qd5 Qxd5 25. Rxd5 h6 26. Bd2 Re6 27. Bb4 Rff6
28. Bd2 Rg6 29. Be3 Rgf6 30. b4 Rf7 31. Bb6 Rf4 32. Rc1 Kh7 33. g3 Rf3 34. Be3
Rf7 35. Kg2 g5 36. Bb6 Kg6 37. b5 Kf5 38. Rb1 Kg6 39. bxa6 bxa6 40. Be3 Rc7 41.
Rb6 Rxc4 42. Rxa6 Re8 43. Ra7 Kf6 44. a6 Ra4 45. Bb6 Rb4 46. Rb7 Ke6 47. Ra5
Be7 48. a7 Rxb6 49. Rxb6 1-0

[Event "24. Copenhagen Open  (Politiken Cup)"]
[Site "Copenhagen"]
[Date "2002.07.24"]
[Round "9"]
[White "Naes, Flovin Tor"]
[Black "Nielsen, Michael"]
[Result "1-0"]
[WhiteElo "2232"]
[BlackElo "2086"]
[PlyCount "47"]
[EventDate "2002.07.15"]
[EventType "swiss"]
[EventRounds "11"]
[EventCountry "DEN"]
[SourceDate "2004.01.01"]

1. Nf3 Nf6 2. c4 c5 3. e3 g6 4. d4 Bg7 5. Nc3 O-O 6. Be2 d6 7. O-O Nbd7 8. a3
b6 9. b4 Bb7 10. Qd3 d5 11. bxc5 bxc5 12. Rb1 Ba6 13. Nb5 cxd4 14. Nfxd4 Ne5
15. Qb3 dxc4 16. Bxc4 Nxc4 17. Qxc4 Qd5 18. Qa4 Bb7 19. f3 Rfc8 20. Nxa7 Ne4
21. fxe4 Qxe4 22. Rxb7 Bxd4 23. Qxd4 Qxb7 24. Nxc8 1-0

[Event "24. Copenhagen Open  (Politiken Cup)"]
[Site "Copenhagen"]
[Date "2002.07.24"]
[Round "9"]
[White "Nielsen, Jens Holm"]
[Black "Nielsen, Jorgen Kamp"]
[Result "1-0"]
[WhiteElo "2098"]
[BlackElo "1400"]
[PlyCount "51"]
[EventDate "2002.07.15"]
[EventType "swiss"]
[EventRounds "11"]
[EventCountry "DEN"]
[SourceDate "2004.01.01"]

1. e4 Nf6 2. Nc3 d5 3. e5 Ne4 4. Nxe4 dxe4 5. d3 Qd4 6. dxe4 Qxe5 7. Bd3 Qf6 8.
Qf3 Nd7 9. Qxf6 Nxf6 10. Nf3 e6 11. O-O b6 12. Bf4 Bd6 13. e5 Nd5 14. exd6 Nxf4
15. Be4 Rb8 16. dxc7 Rb7 17. Bxb7 Bxb7 18. Rad1 Nd5 19. c4 Nxc7 20. Ne5 Ba8 21.
Nxf7 Rf8 22. Rd8+ Kxf7 23. Rd7+ Kf6 24. Rxc7 Rf7 25. Rxf7+ Kxf7 26. f3 1-0

[Event "24. Copenhagen Open  (Politiken Cup)"]
[Site "Copenhagen"]
[Date "2002.07.24"]
[Round "9"]
[White "Nielsen, Max"]
[Black "Hoeg, Claus"]
[Result "1/2-1/2"]
[WhiteElo "2246"]
[BlackElo "2010"]
[PlyCount "44"]
[EventDate "2002.07.15"]
[EventType "swiss"]
[EventRounds "11"]
[EventCountry "DEN"]
[SourceDate "2004.01.01"]

1. e4 g6 2. d4 d6 3. Nc3 c6 4. Be3 Bg7 5. Qd2 b5 6. Bd3 Nf6 7. Bh6 Bxh6 8. Qxh6
Nbd7 9. Nf3 Qb6 10. O-O b4 11. Ne2 Bb7 12. e5 dxe5 13. dxe5 Ng4 14. Qg5 f5 15.
Qf4 Qc7 16. h3 Ngxe5 17. Nxe5 Qxe5 18. Qxb4 O-O-O 19. Nc3 Qc5 20. Qb3 e5 21.
Rfd1 Nb6 22. a3 Rhe8 1/2-1/2

[Event "24. Copenhagen Open  (Politiken Cup)"]
[Site "Copenhagen"]
[Date "2002.07.24"]
[Round "9"]
[White "Nielsen, Palle"]
[Black "Petersen, Nils"]
[Result "0-1"]
[WhiteElo "1473"]
[BlackElo "2035"]
[PlyCount "102"]
[EventDate "2002.07.15"]
[EventType "swiss"]
[EventRounds "11"]
[EventCountry "DEN"]
[SourceDate "2004.01.01"]

1. e4 c5 2. Nf3 Nc6 3. Nc3 d6 4. Bc4 e6 5. O-O Nf6 6. d4 cxd4 7. Nxd4 Be7 8.
Nxc6 bxc6 9. Be3 O-O 10. h3 d5 11. Bb3 dxe4 12. Qxd8 Rxd8 13. Bg5 h6 14. Bh4
Ba6 15. Rfd1 Rxd1+ 16. Nxd1 c5 17. Ne3 Rd8 18. Rd1 Rxd1+ 19. Nxd1 g5 20. Bg3
Bb7 21. c4 Bc6 22. Bc2 Nd7 23. Bc7 Bf6 24. Ba5 Bd4 25. Bc3 f5 26. Bd2 f4 27. a3
Ne5 28. b3 Nd3 29. Bxd3 exd3 30. Kf1 e5 31. f3 Kf7 32. Nf2 e4 33. fxe4 Bxf2 34.
Kxf2 Bxe4 35. g3 fxg3+ 36. Kxg3 Kg6 37. b4 cxb4 38. axb4 a6 39. Be3 h5 40. h4
g4 41. Kf4 Bf5 42. Bd2 Kf6 43. Bc3+ Ke6 44. Bd2 Kd6 45. Bc3 Be6 46. c5+ Kd5 47.
Ke3 Kc4 48. Be1 Bd5 49. Bd2 g3 50. Be1 g2 51. Kf2 Kb3 0-1

[Event "24. Copenhagen Open  (Politiken Cup)"]
[Site "Copenhagen"]
[Date "2002.07.24"]
[Round "9"]
[White "Nielsen, Thomas"]
[Black "Sylvan, Jacob"]
[Result "0-1"]
[WhiteElo "2018"]
[BlackElo "2259"]
[PlyCount "80"]
[EventDate "2002.07.15"]
[EventType "swiss"]
[EventRounds "11"]
[EventCountry "DEN"]
[SourceDate "2004.01.01"]

1. d4 d5 2. c4 e6 3. Nc3 c6 4. Nf3 Nf6 5. Bg5 Nbd7 6. cxd5 exd5 7. Qc2 Be7 8.
e3 O-O 9. Bd3 Re8 10. O-O-O Nf8 11. Ne5 Ne4 12. Bxe7 Qxe7 13. Bxe4 dxe4 14. Nc4
Be6 15. Nd2 f5 16. Kb1 Nd7 17. Nb3 Nf6 18. h4 b6 19. h5 h6 20. Ne2 Rec8 21. Nf4
Bf7 22. Qe2 Nd5 23. Nxd5 Bxd5 24. g4 Rf8 25. Rdg1 Kh8 26. Nd2 Qe6 27. b3 b5 28.
gxf5 Rxf5 29. Rg6 Qf7 30. Rh2 Rf8 31. Qg4 Qe7 32. Qg3 a5 33. Rg2 R5f7 34. Nf1
a4 35. Nh2 axb3 36. axb3 Qb4 37. f4 exf3 38. Rxh6+ gxh6 39. Qe5+ Rf6 40. Qc7
fxg2 0-1

[Event "24. Copenhagen Open  (Politiken Cup)"]
[Site "Copenhagen"]
[Date "2002.07.24"]
[Round "9"]
[White "Nilssen, John Arni"]
[Black "Matamoros Franco, Carlos S"]
[Result "1-0"]
[WhiteElo "2363"]
[BlackElo "2473"]
[PlyCount "73"]
[EventDate "2002.07.15"]
[EventType "swiss"]
[EventRounds "11"]
[EventCountry "DEN"]
[SourceDate "2004.01.01"]

1. d4 Nf6 2. c4 c5 3. d5 b5 4. cxb5 a6 5. b6 d6 6. Nc3 g6 7. e4 Bg7 8. Nf3 Nbd7
9. a4 Qxb6 10. a5 Qa7 11. h3 O-O 12. Bc4 Rb8 13. Qe2 Ne8 14. O-O Nc7 15. Bf4
Nb5 16. Nxb5 axb5 17. Bxb5 Rxb5 18. Qxb5 Ba6 19. Qa4 Bxf1 20. Rxf1 Rb8 21. Rb1
Rxb2 22. Rxb2 Bxb2 23. Qb5 Bc3 24. Bd2 Bxd2 25. Nxd2 f6 26. Nc4 Kf7 27. f4 g5
28. fxg5 fxg5 29. e5 dxe5 30. Qc6 e4 31. Qe6+ Kf8 32. a6 Qc7 33. Qxe4 Nf6 34.
Qf5 Qd8 35. Qe5 Qa8 36. d6 Qxa6 37. dxe7+ 1-0

[Event "24. Copenhagen Open  (Politiken Cup)"]
[Site "Copenhagen"]
[Date "2002.07.24"]
[Round "9"]
[White "Nilsson, Nils Specht"]
[Black "Vang, Finnbjorn"]
[Result "1-0"]
[WhiteElo "2187"]
[BlackElo "1937"]
[PlyCount "151"]
[EventDate "2002.07.15"]
[EventType "swiss"]
[EventRounds "11"]
[EventCountry "DEN"]
[SourceDate "2004.01.01"]

1. d4 Nf6 2. Nc3 d5 3. Bg5 Nbd7 4. f3 h6 5. Bxf6 Nxf6 6. e4 dxe4 7. fxe4 e6 8.
Nf3 Bb4 9. Bd3 c5 10. a3 Ba5 11. b4 cxb4 12. Ne2 bxa3+ 13. c3 O-O 14. O-O e5
15. Bc2 Ng4 16. Qd3 f5 17. h3 Nf6 18. Qc4+ Kh7 19. exf5 exd4 20. Nexd4 Qd5 21.
Qd3 Qc5 22. c4 b6 23. Kh1 Rd8 24. Qxa3 Bb4 25. Qb3 Re8 26. Ne6 Qe7 27. Ne5 Bb7
28. Ng6 Qd6 29. Rad1 Qc6 30. Qg3 Nh5 31. Qg4 Nf6 32. Qg3 Nh5 33. Qg4 Nf6 34.
Qe2 Rac8 35. Rf4 Bd6 36. Rfd4 Bb4 37. Rg4 Nxg4 38. Qxg4 Qxg2+ 39. Qxg2 Bxg2+
40. Kxg2 Rxc4 41. Bb3 Re4 42. Rd7 R4xe6 43. Bxe6 Rxe6 44. fxe6 Kxg6 45. Rxa7
Kf6 46. Rf7+ Kxe6 47. Rxg7 Kf6 48. Rc7 Kg5 49. Kf3 Bc5 50. Rd7 Kf5 51. Rd5+ Kf6
52. Kf4 Kg6 53. Kg4 Bb4 54. Rf5 Bd6 55. h4 Bb4 56. h5+ Kg7 57. Kf4 Bc5 58. Ke5
Be3 59. Ke6 Bd4 60. Rf7+ Kg8 61. Rd7 Be3 62. Kf6 Bg5+ 63. Kg6 Kf8 64. Rd3 Ke7
65. Rb3 Kf8 66. Rxb6 Ke7 67. Kg7 Bf4 68. Rb4 Bc1 69. Re4+ Kd6 70. Kf7 Bg5 71.
Re6+ Kd7 72. Rg6 Bf4 73. Rg4 Be3 74. Rg3 Bf4 75. Rd3+ Kc6 76. Kg7 1-0

[Event "24. Copenhagen Open  (Politiken Cup)"]
[Site "Copenhagen"]
[Date "2002.07.24"]
[Round "9"]
[White "Olsen, Miriam Frida"]
[Black "Kaaber Hansen, Jacob"]
[Result "0-1"]
[WhiteElo "1894"]
[BlackElo "2079"]
[PlyCount "98"]
[EventDate "2002.07.15"]
[EventType "swiss"]
[EventRounds "11"]
[EventCountry "DEN"]
[SourceDate "2004.01.01"]

1. e4 c5 2. Nc3 Nc6 3. g3 g6 4. Bg2 Bg7 5. d3 Rb8 6. f4 e6 7. Nge2 Nge7 8. e5
d6 9. exd6 Qxd6 10. Ne4 Qc7 11. O-O Nd4 12. c3 Ndf5 13. Qe1 O-O 14. g4 Nh6 15.
h3 f5 16. g5 fxe4 17. gxh6 Bxh6 18. dxe4 e5 19. fxe5 Rxf1+ 20. Qxf1 Bxc1 21.
Rxc1 Qxe5 22. Qf4 Nc6 23. Qxe5 Nxe5 24. Nf4 Bd7 25. Rd1 Bc6 26. Nd5 Kg7 27. Kf2
Rf8+ 28. Ke2 Bb5+ 29. Ke1 Nd3+ 30. Rxd3 Bxd3 31. Nc7 Kf6 32. Kd2 Bc4 33. b3 Bf7
34. Nd5+ Ke5 35. Ke3 b5 36. Nf4 c4 37. b4 a5 38. a3 axb4 39. axb4 Be8 40. Ne2
Bd7 41. Nd4 Ra8 42. Nf3+ Ke6 43. h4 Ke7 44. Nd4 Ra3 45. Ne2 Ra2 46. Bf3 Rc2 47.
Kd4 Rd2+ 48. Ke3 Rd3+ 49. Kf2 Kd6 0-1

[Event "24. Copenhagen Open  (Politiken Cup)"]
[Site "Copenhagen"]
[Date "2002.07.24"]
[Round "9"]
[White "Olsson, Tomas"]
[Black "Busk, Casper"]
[Result "1/2-1/2"]
[WhiteElo "2109"]
[BlackElo "1859"]
[PlyCount "84"]
[EventDate "2002.07.15"]
[EventType "swiss"]
[EventRounds "11"]
[EventCountry "DEN"]
[SourceDate "2004.01.01"]

1. e4 c5 2. d4 cxd4 3. Nf3 d6 4. Nxd4 Nf6 5. Nc3 a6 6. f4 e5 7. Nf3 exf4 8.
Bxf4 Qb6 9. Rb1 Be6 10. Qd2 Nc6 11. Bd3 Be7 12. Be3 Qc7 13. O-O b5 14. Ng5 O-O
15. Kh1 Ne5 16. b3 Rac8 17. Ne2 Nxd3 18. cxd3 Qc2 19. Nd4 Qxd2 20. Bxd2 Bd7 21.
Ngf3 Ng4 22. Bb4 Rfe8 23. h3 Ne5 24. Rfd1 Kf8 25. Kg1 Nxf3+ 26. Nxf3 Rc2 27.
Rd2 Rec8 28. Rb2 Rxb2 29. Rxb2 d5 30. Bxe7+ Kxe7 31. Kf2 dxe4 32. dxe4 Rc3 33.
Nd4 Rd3 34. Nf3 Bc6 35. Re2 Ke6 36. Re3 Rd1 37. Re2 b4 38. Ke3 Bb5 39. Rd2 Rxd2
40. Nxd2 f5 41. exf5+ Kxf5 42. Nf3 g5 1/2-1/2

[Event "24. Copenhagen Open  (Politiken Cup)"]
[Site "Copenhagen"]
[Date "2002.07.24"]
[Round "9"]
[White "Pert, Richard G"]
[Black "Palo, Davor"]
[Result "1/2-1/2"]
[WhiteElo "2357"]
[BlackElo "2394"]
[PlyCount "28"]
[EventDate "2002.07.15"]
[EventType "swiss"]
[EventRounds "11"]
[EventCountry "DEN"]
[SourceDate "2004.01.01"]

1. e4 c6 2. d4 d5 3. e5 Bf5 4. c3 e6 5. Be3 Nd7 6. Nd2 Ne7 7. f4 h5 8. Ngf3 Bg4
9. Bd3 Nf5 10. Bf2 g6 11. h3 Bxf3 12. Nxf3 h4 13. O-O Be7 14. b4 Kf8 1/2-1/2

[Event "24. Copenhagen Open  (Politiken Cup)"]
[Site "Copenhagen"]
[Date "2002.07.24"]
[Round "9"]
[White "Petkovic, Peter"]
[Black "Royset, Paal"]
[Result "1/2-1/2"]
[WhiteElo "2151"]
[BlackElo "2252"]
[PlyCount "138"]
[EventDate "2002.07.15"]
[EventType "swiss"]
[EventRounds "11"]
[EventCountry "DEN"]
[SourceDate "2004.01.01"]

1. e4 c5 2. Nf3 e6 3. d4 cxd4 4. Nxd4 Nf6 5. Bd3 Nc6 6. Nxc6 bxc6 7. Qe2 d5 8.
e5 Nd7 9. Nd2 Nc5 10. O-O a5 11. Re1 Be7 12. Qg4 g6 13. Nf3 Rb8 14. a3 h6 15.
h4 Nxd3 16. cxd3 c5 17. h5 g5 18. Qa4+ Bd7 19. Qc2 Qb6 20. Bd2 a4 21. Rab1 Qb3
22. Qxb3 Rxb3 23. d4 c4 24. Re3 Bb5 25. Rxb3 cxb3 26. Rc1 Kd7 27. Ne1 Rb8 28.
Bc3 f6 29. exf6 Bxf6 30. Nf3 Rc8 31. Bd2 Rc2 32. Rxc2 bxc2 33. Ne1 Bxd4 34. Bc1
Bc5 35. Nxc2 Be2 36. Be3 Bxe3 37. fxe3 Bxh5 38. Nd4 Kd6 39. b4 Be8 40. Kf2 h5
41. Kg3 e5 42. Nf3 g4 43. Nd2 Bg6 44. Kh4 d4 45. e4 Kc6 46. Kg5 Kb5 47. Kh4 d3
48. Kg3 Bh7 49. Kf2 h4 50. Ke3 h3 51. gxh3 gxh3 52. Kf3 Bg8 53. Kg3 Be6 54. Kh2
Kc6 55. Kg3 Kd6 56. Kh2 Ke7 57. Kg3 Bg4 58. Kh2 Kf6 59. Kg3 Kg5 60. b5 h2 61.
Kxh2 Kf4 62. b6 Bc8 63. Nc4 Bb7 64. Kg2 Bxe4+ 65. Kf2 Bd5 66. Nxe5 Kxe5 67. Ke3
Be4 68. b7 Bxb7 69. Kxd3 Kd5 1/2-1/2

[Event "24. Copenhagen Open  (Politiken Cup)"]
[Site "Copenhagen"]
[Date "2002.07.24"]
[Round "9"]
[White "Rasmussen, Allan Stig"]
[Black "Glud, Jakob Vang"]
[Result "1-0"]
[WhiteElo "2305"]
[BlackElo "2180"]
[PlyCount "61"]
[EventDate "2002.07.15"]
[EventType "swiss"]
[EventRounds "11"]
[EventCountry "DEN"]
[SourceDate "2004.01.01"]

1. e4 e5 2. Nf3 Nc6 3. d4 exd4 4. Nxd4 Nf6 5. Nxc6 bxc6 6. e5 Qe7 7. Qe2 Nd5 8.
c4 Ba6 9. b3 g5 10. g3 Bg7 11. Bb2 O-O-O 12. Bg2 Rhe8 13. O-O Bxe5 14. Qxe5
Qxe5 15. Bxe5 Rxe5 16. cxd5 Bxf1 17. Kxf1 cxd5 18. Nc3 c6 19. Rc1 Kb7 20. Na4
Kc7 21. Nc5 Kd6 22. Nb7+ Ke7 23. Nxd8 Kxd8 24. Re1 d6 25. Bh3 h6 26. b4 Kc7 27.
f4 gxf4 28. gxf4 Re4 29. Rxe4 dxe4 30. Kf2 Kb6 31. Ke3 1-0

[Event "24. Copenhagen Open  (Politiken Cup)"]
[Site "Copenhagen"]
[Date "2002.07.24"]
[Round "9"]
[White "Rasmussen, Henning"]
[Black "Rusanov, Alex"]
[Result "1/2-1/2"]
[WhiteElo "1743"]
[BlackElo "1429"]
[PlyCount "36"]
[EventDate "2002.07.15"]
[EventType "swiss"]
[EventRounds "11"]
[EventCountry "DEN"]
[SourceDate "2004.01.01"]

1. d4 f5 2. c4 Nf6 3. Nc3 e6 4. Nf3 Be7 5. g3 O-O 6. Bg2 d6 7. O-O Nbd7 8. Qc2
Qe8 9. e4 fxe4 10. Nxe4 Nxe4 11. Qxe4 Nf6 12. Qd3 Qh5 13. h4 Ng4 14. Nh2 Nxh2
15. Kxh2 Bf6 16. Bf3 Qf5 17. Be4 Qh5 18. Bf3 Qf5 1/2-1/2

[Event "24. Copenhagen Open  (Politiken Cup)"]
[Site "Copenhagen"]
[Date "2002.07.24"]
[Round "9"]
[White "Rasmussen, Poul"]
[Black "Gottschalck, Christian"]
[Result "0-1"]
[WhiteElo "1428"]
[BlackElo "1676"]
[PlyCount "56"]
[EventDate "2002.07.15"]
[EventType "swiss"]
[EventRounds "11"]
[EventCountry "DEN"]
[SourceDate "2004.01.01"]

1. e4 d5 2. exd5 Qxd5 3. Nc3 Qa5 4. Nf3 Nf6 5. Be2 Bf5 6. d3 e6 7. Bd2 c6 8.
Nh4 Bg6 9. Nxg6 hxg6 10. Bf3 Rxh2 11. Rxh2 Qe5+ 12. Qe2 Qxh2 13. O-O-O Qc7 14.
g3 Nbd7 15. Rh1 O-O-O 16. d4 Bd6 17. Be3 Nb6 18. Kb1 Kb8 19. Ne4 Nxe4 20. Bxe4
Nd5 21. Bd2 Qb6 22. c4 Ba3 23. b3 Qxd4 24. Bf4+ Nxf4 25. gxf4 f5 26. Bf3 Qxf4
27. Rd1 Rxd1+ 28. Qxd1 Kc7 0-1

[Event "24. Copenhagen Open  (Politiken Cup)"]
[Site "Copenhagen"]
[Date "2002.07.24"]
[Round "9"]
[White "Robertsen, Thomas"]
[Black "Lonborg, Morten"]
[Result "1-0"]
[WhiteElo "2022"]
[BlackElo "2152"]
[PlyCount "97"]
[EventDate "2002.07.15"]
[EventType "swiss"]
[EventRounds "11"]
[EventCountry "DEN"]
[SourceDate "2004.01.01"]

1. e4 c5 2. Nf3 e6 3. d4 cxd4 4. Nxd4 Nf6 5. Nc3 d6 6. g4 h6 7. h4 Nc6 8. g5
hxg5 9. Bxg5 Qb6 10. Nb3 a6 11. Qd2 Bd7 12. O-O-O Qc7 13. Bg2 Ne5 14. f4 Nc4
15. Qd4 O-O-O 16. h5 e5 17. Qd3 exf4 18. Bxf6 gxf6 19. Nd5 Ne5 20. Qd4 Qc6 21.
Qa7 Be6 22. Na5 Bxd5 23. Nxc6 Bxc6 24. Rh3 Bh6 25. Kb1 Rhg8 26. Bf1 Bxe4 27.
Rc3+ Bc6 28. Qb6 Kd7 29. Bxa6 bxa6 30. Rxc6 Nxc6 31. Qb7+ Ke6 32. Qxc6 Rg5 33.
Qc4+ Ke7 34. Qxf4 Rxh5 35. Qe4+ Re5 36. Qb7+ Rd7 37. Qxa6 f5 38. b4 Be3 39. b5
Re6 40. Qa8 Re4 41. c3 Bc5 42. Rh1 Ra7 43. Qc8 Re2 44. Rh8 Re1+ 45. Kb2 Re2+
46. Kb3 Ra3+ 47. Kc4 d5+ 48. Kxd5 Rd2+ 49. Kc4 1-0

[Event "24. Copenhagen Open  (Politiken Cup)"]
[Site "Copenhagen"]
[Date "2002.07.24"]
[Round "9"]
[White "Rodriguez Vinuesa, Azahara"]
[Black "Simonsen, Olavur"]
[Result "0-1"]
[WhiteElo "2095"]
[BlackElo "2240"]
[PlyCount "80"]
[EventDate "2002.07.15"]
[EventType "swiss"]
[EventRounds "11"]
[EventCountry "DEN"]
[SourceDate "2004.01.01"]

1. e4 e5 2. Nf3 Nc6 3. Bb5 f5 4. Nc3 fxe4 5. Nxe4 d5 6. Nxe5 dxe4 7. Nxc6 Qg5
8. Qe2 Nf6 9. f4 Qxf4 10. Ne5+ c6 11. d4 Qh4+ 12. g3 Qh3 13. Bc4 Be6 14. Bf4
O-O-O 15. O-O-O Bd6 16. Kb1 Rhf8 17. Rhf1 g5 18. Bxg5 Bxe5 19. dxe5 Rxd1+ 20.
Rxd1 Bg4 21. Be6+ Bxe6 22. Bxf6 Bg4 23. Qf1 Qxh2 24. Qg1 Qxg1 25. Rxg1 e3 26.
Re1 e2 27. Kc1 Rf7 28. Kd2 Rd7+ 29. Ke3 Rd1 30. Kf2 Kd7 31. Bg5 Ke6 32. Bf4 b5
33. b3 h5 34. a3 a6 35. Bc1 Kxe5 36. Bb2+ Ke4 37. Bc3 c5 38. Ba5 Kd4 39. Bb6
Kc3 40. Bxc5 Kxc2 0-1

[Event "24. Copenhagen Open  (Politiken Cup)"]
[Site "Copenhagen"]
[Date "2002.07.24"]
[Round "9"]
[White "Roeder, Peter Ulrik"]
[Black "Svensson, Bengt"]
[Result "1/2-1/2"]
[WhiteElo "2174"]
[BlackElo "2398"]
[PlyCount "40"]
[EventDate "2002.07.15"]
[EventType "swiss"]
[EventRounds "11"]
[EventCountry "DEN"]
[SourceDate "2004.01.01"]

1. d4 Nf6 2. c4 g6 3. Nc3 d5 4. cxd5 Nxd5 5. e4 Nxc3 6. bxc3 Bg7 7. Bc4 c5 8.
Ne2 Nc6 9. Be3 O-O 10. O-O Bg4 11. f3 cxd4 12. cxd4 Na5 13. Bd3 Be6 14. Rc1
Bxa2 15. Qa4 Be6 16. d5 Bd7 17. Qb4 e6 18. Rfd1 exd5 19. exd5 Re8 20. Bf2 b6
1/2-1/2

[Event "24. Copenhagen Open  (Politiken Cup)"]
[Site "Copenhagen"]
[Date "2002.07.24"]
[Round "9"]
[White "Rohrmueller, Ulrich"]
[Black "Korolev, Nikolaj"]
[Result "1-0"]
[WhiteElo "2257"]
[BlackElo "1964"]
[PlyCount "89"]
[EventDate "2002.07.15"]
[EventType "swiss"]
[EventRounds "11"]
[EventCountry "DEN"]
[SourceDate "2004.01.01"]

1. d4 Nf6 2. Nf3 e6 3. Bg5 d5 4. e3 c5 5. c3 Nbd7 6. Nbd2 Bd6 7. Bd3 O-O 8. O-O
Re8 9. e4 dxe4 10. Nxe4 Be7 11. Nxc5 Nxc5 12. dxc5 Nd5 13. Bb5 Bd7 14. Bxd7
Qxd7 15. c4 Bxg5 16. Nxg5 Qe7 17. cxd5 Qxg5 18. dxe6 Rxe6 19. Qd4 Rd8 20. Qc4
Rd2 21. Rae1 Rxe1 22. Rxe1 h5 23. b4 Qf6 24. Rf1 Qb2 25. Qb5 Qxa2 26. Qxb7 Qc4
27. Qb8+ Kh7 28. Qxa7 Rc2 29. Qa3 Rc3 30. Qb2 Rb3 31. Qd2 Rxb4 32. Rc1 Qe4 33.
f3 Qb7 34. c6 Qb6+ 35. Qf2 Qc7 36. Qc5 Rb2 37. Qxh5+ Kg8 38. Qc5 Kh7 39. Qd4
Ra2 40. Kh1 g6 41. Qf6 Re2 42. Qd4 Qe7 43. Qc3 Re3 44. Qd2 Re2 45. Qxe2 1-0

[Event "24. Copenhagen Open  (Politiken Cup)"]
[Site "Copenhagen"]
[Date "2002.07.24"]
[Round "9"]
[White "Sanchez Martin, Vanessa"]
[Black "Taksrud, Vidar"]
[Result "1/2-1/2"]
[WhiteElo "2123"]
[BlackElo "1888"]
[PlyCount "123"]
[EventDate "2002.07.15"]
[EventType "swiss"]
[EventRounds "11"]
[EventCountry "DEN"]
[SourceDate "2004.01.01"]

1. e4 c5 2. Nf3 Nc6 3. d4 cxd4 4. Nxd4 Qc7 5. Nc3 a6 6. a4 e6 7. Be3 Nf6 8.
Nxc6 bxc6 9. Bd3 e5 10. Bc4 Bb4 11. O-O O-O 12. Bg5 Ne8 13. Na2 Bc5 14. b4 Nd6
15. Bd3 Ba7 16. Kh1 f6 17. Bd2 Nf7 18. c4 Bd4 19. Bc3 Bxc3 20. Nxc3 Rb8 21. b5
a5 22. Qd2 Ng5 23. f4 Ne6 24. Ne2 Qd6 25. fxe5 fxe5 26. Rxf8+ Kxf8 27. Rf1+ Kg8
28. Ng3 g6 29. Qc3 cxb5 30. axb5 a4 31. Bc2 Ra8 32. Qf3 Qe7 33. Nf5 Qf8 34.
Nh6+ Kg7 35. Nf5+ Kh8 36. Qc3 Nd4 37. Ne3 Qc5 38. Nd5 Bb7 39. Bb1 Bxd5 40. exd5
a3 41. Qe3 Qe7 42. Qf2 d6 43. b6 Kg8 44. Ba2 Kg7 45. h3 Rb8 46. Rb1 Qg5 47. Rf1
Qe7 48. Rb1 Qd8 49. c5 dxc5 50. Qe3 Qd6 51. Qxa3 e4 52. Qa7+ Kh6 53. Qc7 Nf5
54. g4 e3 55. gxf5 Qxc7 56. bxc7 Rxb1+ 57. Bxb1 e2 58. c8=Q e1=Q+ 59. Kg2 Qe2+
60. Kg3 Qe3+ 61. Kg2 Qe2+ 62. Kg3 1/2-1/2